[Event "Mezinarodni turnaj - CALLIDITAS OPEN"]
[Site "Plzen"]
[Date "2020.08.25"]
[Round "3"]
[Board "1"]
[White "Eret, Matouš"]
[Black "Vantuch, Lucian"]
[Result "1-0"]
[WhiteElo "2195"]
[BlackElo "1966"]
[PlyCount "91"]
[EventDate "2020.08.23"]
[EventRounds "9"]
[EventCountry "CZE"]

1. e4 c5 2. Nf3 e6 3. d3 d5 4. Nbd2 g6 5. Be2 Bg7 6. O-O Ne7 7. c3 O-O 8. e5
Nbc6 9. d4 b6 10. Re1 Bb7 11. Nf1 Nf5 12. Bd3 cxd4 13. Bxf5 exf5 14. cxd4 h6
15. Ng3 Qe7 16. a3 Rac8 17. Bd2 Nd8 18. Bb4 Qd7 19. Bxf8 Bxf8 20. Rc1 Bc6 21.
h4 f4 22. e6 Nxe6 23. Ne5 Qb7 24. Ne2 Bb5 25. Rxc8 Qxc8 26. Nc3 Ba6 27. Qg4 h5
28. Qf3 Bb7 29. g4 hxg4 30. Qxg4 Nxd4 31. Qxc8 Bxc8 32. Rd1 Nf5 33. Nxd5 Nxh4
34. Nxf4 Kg7 35. Rc1 Bf5 36. Nc4 Be7 37. Nd5 Nf3+ 38. Kg2 Bg5 39. Nce3 Be4 40.
Rc7 Nd4+ 41. Kf1 a6 42. Ke1 Nf3+ 43. Kd1 Bh4 44. Nc3 Bxf2 45. Nxe4 Bxe3 46. Rc3
 1-0

[Event "Mezinarodni turnaj - CALLIDITAS OPEN"]
[Site "Plzen"]
[Date "2020.08.25"]
[Round "3"]
[Board "2"]
[White "Arndt, Stefan"]
[Black "Bechynský, Jan"]
[Result "1/2-1/2"]
[WhiteElo "2168"]
[BlackElo "1955"]
[PlyCount "65"]
[EventDate "2020.08.23"]
[EventRounds "9"]
[EventCountry "CZE"]

1. e4 Nf6 2. e5 Nd5 3. d4 d6 4. Nf3 Bg4 5. Be2 e6 6. h3 Bxf3 7. Bxf3 Nc6 8. c4
Nb6 9. exd6 cxd6 10. b3 Be7 11. Bb2 Bf6 12. O-O O-O 13. a4 a5 14. Na3 d5 15. c5
Nd7 16. Qd2 b6 17. cxb6 Qxb6 18. Nb5 Ndb8 19. Qf4 Na6 20. Rad1 Nab4 21. Be2 h6
22. h4 Qb8 23. Qg4 Rc8 24. Bc1 Kf8 25. Bf4 Qb6 26. Bd6+ Be7 27. Qf4 Bxd6 28.
Qxd6+ Kg8 29. Rc1 Qd8 30. Qxd8+ Nxd8 31. Nc7 Ra7 32. Nb5 Raa8 33. Nc7  1/2-1/2

[Event "Mezinarodni turnaj - CALLIDITAS OPEN"]
[Site "Plzen"]
[Date "2020.08.25"]
[Round "3"]
[Board "3"]
[White "Hrdlica, Pavel"]
[Black "Hába, Zdenek"]
[Result "0-1"]
[WhiteElo "1952"]
[BlackElo "2163"]
[PlyCount "48"]
[EventDate "2020.08.23"]
[EventRounds "9"]
[EventCountry "CZE"]

1. d4 Nf6 2. c4 c5 3. d5 b5 4. Nc3 b4 5. Na4 d6 6. Qc2 g6 7. e4 Bg7 8. Bd3 O-O
9. f4 Qa5 10. Bd2 Bd7 11. Nc3 bxc3 12. Bxc3 Qb6 13. Nf3 Na6 14. a3 e6 15. O-O-O
exd5 16. e5 Ng4 17. Qd2 d4 18. Ba5 Qc6 19. Ng5 Ne3 20. Rde1 dxe5 21. Be4 Qa4
22. Rxe3 dxe3 23. Qd6 Qxa5 24. Bxa8 Qd2+  0-1

[Event "Mezinarodni turnaj - CALLIDITAS OPEN"]
[Site "Plzen"]
[Date "2020.08.25"]
[Round "3"]
[Board "4"]
[White "Palek, Miroslav"]
[Black "Cížek, Jan"]
[Result "1-0"]
[WhiteElo "2158"]
[BlackElo "1645"]
[PlyCount "79"]
[EventDate "2020.08.23"]
[EventRounds "9"]
[EventCountry "CZE"]

1. g3 d5 2. d4 Nf6 3. Bg2 Bf5 4. Nf3 e6 5. O-O c5 6. c4 Nc6 7. cxd5 Nxd5 8. Nc3
Nxc3 9. bxc3 Be7 10. Bf4 O-O 11. Ne5 Nxe5 12. Bxe5 Qd7 13. Qb3 f6 14. Bf4 g5
15. Be3 cxd4 16. cxd4 Rab8 17. d5 b6 18. Rfd1 Kg7 19. dxe6 Qxe6 20. Bd5 Qe5 21.
Bd4 Qd6 22. e4 Bg4 23. f3 Bh5 24. Qe3 h6 25. Kg2 Rfd8 26. e5 Qxd5 27. exf6+ Kg8
28. fxe7 Re8 29. Be5 Bxf3+ 30. Qxf3 Qxe5 31. Re1 Qb2+ 32. Kh3 Kg7 33. Qd5 g4+
34. Kxg4 Qxh2 35. Qe5+ Kf7 36. Qf5+ Kg7 37. Re6 h5+ 38. Kf3 Rec8 39. Rg6+ Kh8
40. Qe5+  1-0

[Event "Mezinarodni turnaj - CALLIDITAS OPEN"]
[Site "Plzen"]
[Date "2020.08.25"]
[Round "3"]
[Board "5"]
[White "Vilímek, Vít"]
[Black "Novotný, Ondrej"]
[Result "1/2-1/2"]
[WhiteElo "1761"]
[BlackElo "2031"]
[PlyCount "102"]
[EventDate "2020.08.23"]
[EventRounds "9"]
[EventCountry "CZE"]

1. e4 e6 2. Nf3 d5 3. e5 c5 4. b4 c4 5. a3 b5 6. d4 a5 7. Bb2 axb4 8. axb4
Bxb4+ 9. c3 Rxa1 10. Bxa1 Be7 11. Be2 Nc6 12. O-O Nh6 13. Bb2 O-O 14. Ba3 Bd7
15. Qd2 b4 16. cxb4 Qb6 17. b5 Qxb5 18. Nc3 Qa6 19. Bxe7 Nxe7 20. Qb2 Ra8 21.
Rb1 Nc6 22. Bd1 g6 23. Qd2 Kg7 24. Qg5 Ng8 25. Qh4 Rb8 26. Rxb8 Nxb8 27. Qf4
Qa1 28. Qd2 Ne7 29. h4 Na6 30. g4 Nb4 31. h5 Ng8 32. Ng5 Nd3 33. Kg2 Qb2 34.
Qxb2 Nxb2 35. Bc2 Ne7 36. h6+ Kg8 37. Kf3 Nc6 38. Ke3 Nb4 39. Kd2 Nxc2 40. Kxc2
Nd3 41. Nh3 Ne1+ 42. Kd2 Nd3 43. g5 Bc6 44. f3 Nb4 45. Nf2 Na6 46. Ng4 Nc7 47.
Nf6+ Kh8 48. f4 Ne8 49. Nxe8 Bxe8 50. Nd1 Ba4 51. Ne3 Bb3  1/2-1/2

[Event "Mezinarodni turnaj - CALLIDITAS OPEN"]
[Site "Plzen"]
[Date "2020.08.25"]
[Round "3"]
[Board "6"]
[White "Nosek, Jan"]
[Black "Tscharotschkin, Michael"]
[Result "0-1"]
[WhiteElo "1968"]
[BlackElo "2174"]
[PlyCount "114"]
[EventDate "2020.08.23"]
[EventRounds "9"]
[EventCountry "CZE"]

1. e4 c6 2. Nf3 d5 3. d3 dxe4 4. dxe4 Qxd1+ 5. Kxd1 Bg4 6. Be2 Nd7 7. Nfd2
Bxe2+ 8. Kxe2 Ngf6 9. f3 g6 10. Nc4 Bg7 11. Be3 O-O 12. a4 Rfc8 13. Nbd2 Ne8
14. c3 Nd6 15. Nxd6 exd6 16. Nc4 d5 17. exd5 cxd5 18. Nd6 Rc6 19. Nb5 Re8 20.
Kf2 Ne5 21. Rad1 a6 22. Nd4 Rc4 23. a5 Ra4 24. Nb3 Ra2 25. Bc1 Rd8 26. Rhe1 h5
27. Nc5 Nc4 28. Nxb7 Rb8 29. Nc5 Rxa5 30. Nd3 d4 31. cxd4 Bxd4+ 32. Kg3 Nxb2
33. Nxb2 Bxb2 34. Bxb2 Rxb2 35. Kh3 Raa2 36. Rg1 a5 37. Rb1 a4 38. Rxb2 Rxb2
39. Ra1 Rb4 40. Rc1 Rb8 41. Ra1 Ra8 42. Kg3 Kg7 43. Ra3 Kf6 44. Kf4 Ra5 45. h4
Ke6 46. g4 f6 47. Ke4 Ra8 48. gxh5 gxh5 49. Kf4 Ra5 50. Ke4 Ra6 51. Kf4 Kf7 52.
Kf5 Ra5+ 53. Ke4 Kg6 54. f4 Kf7 55. f5 Ke7 56. Kf4 Kd6 57. Ke4 Kc5  0-1

[Event "Mezinarodni turnaj - CALLIDITAS OPEN"]
[Site "Plzen"]
[Date "2020.08.25"]
[Round "3"]
[Board "7"]
[White "Jareš, Michal"]
[Black "Kozák, Miloš"]
[Result "0-1"]
[WhiteElo "1906"]
[BlackElo "2135"]
[PlyCount "98"]
[EventDate "2020.08.23"]
[EventRounds "9"]
[EventCountry "CZE"]

1. c4 e6 2. Nf3 Nf6 3. g3 d5 4. Bg2 Be7 5. O-O O-O 6. cxd5 exd5 7. d4 b6 8. Nc3
Bb7 9. Bf4 Na6 10. Rc1 c5 11. Qd2 Ne4 12. Nxe4 dxe4 13. Ng5 Bxg5 14. Bxg5 Qxd4
15. Rfd1 Qxd2 16. Rxd2 f6 17. Be3 Rad8 18. Rcd1 Rxd2 19. Rxd2 g5 20. Rd7 Rf7
21. Rd8+ Kg7 22. Re8 Nc7 23. Rb8 Bd5 24. h4 h6 25. hxg5 hxg5 26. a4 Re7 27. a5
Re8 28. Rxe8 Nxe8 29. f3 exf3 30. Bxf3 Bxf3 31. exf3 Kf7 32. Kf2 Ke6 33. g4 Kd5
34. axb6 axb6 35. Ke2 Kc4 36. Kd2 Kb3 37. Kc1 Nd6 38. f4 Ne4 39. fxg5 fxg5 40.
Kb1 b5 41. Bc1 b4 42. Be3 c4 43. Bc1 c3 44. bxc3 Nxc3+ 45. Ka1 Kc2 46. Ba3 b3
47. Bc1 Nd1 48. Bb2 Ne3 49. Bc1 Nxg4  0-1

[Event "Mezinarodni turnaj - CALLIDITAS OPEN"]
[Site "Plzen"]
[Date "2020.08.25"]
[Round "3"]
[Board "8"]
[White "Bullen, Alex"]
[Black "Chudek, Lubomír"]
[Result "1-0"]
[WhiteElo "2116"]
[BlackElo "1785"]
[PlyCount "37"]
[EventDate "2020.08.23"]
[EventRounds "9"]
[EventCountry "CZE"]

1. d4 Nf6 2. Nf3 g6 3. Nbd2 Bg7 4. e4 d6 5. Bd3 O-O 6. O-O Nc6 7. Re1 e5 8.
dxe5 dxe5 9. Nc4 Re8 10. b3 Bg4 11. c3 Qd7 12. h3 Bxf3 13. Qxf3 Rad8 14. Bc2
Qe6 15. a4 Nd7 16. Ne3 Ne7 17. Ba3 c6 18. Rad1 Bf8 19. Rd6 {1-0 Bullen,A (2116)
-Chudek,L (1785)/Plzen 2020}  1-0

[Event "Mezinarodni turnaj - CALLIDITAS OPEN"]
[Site "Plzen"]
[Date "2020.08.25"]
[Round "3"]
[Board "9"]
[White "Novácek, Karel"]
[Black "Švanda, Radek"]
[Result "1-0"]
[WhiteElo "2030"]
[BlackElo "1764"]
[PlyCount "93"]
[EventDate "2020.08.23"]
[EventRounds "9"]
[EventCountry "CZE"]

1. e4 c5 2. Nf3 g6 3. Nc3 Bg7 4. d4 cxd4 5. Nxd4 Nc6 6. Be3 Nf6 7. Nb3 O-O 8.
Be2 d6 9. O-O Be6 10. h3 Na5 11. Nxa5 Qxa5 12. Bf3 Nd7 13. Bd4 a6 14. Bxg7 Kxg7
15. Qd4+ Qe5 16. Ne2 Qxd4 17. Nxd4 Bc4 18. Rfe1 Ne5 19. Be2 Bxe2 20. Rxe2 Nc6
21. Rd1 Nxd4 22. Rxd4 f6 23. f4 Rac8 24. c3 Rc6 25. e5 fxe5 26. fxe5 Rf5 27.
exd6 exd6 28. Re8 b5 29. Rd8 Rf6 30. Rd7+ Kg8 31. Re4 Rf7 32. Re8+ Kg7 33. Ree7
Rxe7 34. Rxe7+ Kh6 35. Kf2 a5 36. Ke3 b4 37. Kd4 bxc3 38. bxc3 d5 39. Re3 Rb6
40. Kxd5 Rb2 41. c4 Rxa2 42. c5 Rxg2 43. c6 Rc2 44. Re4 Rd2+ 45. Rd4 Rc2 46.
Rc4 Rd2+ 47. Ke6  1-0

[Event "Mezinarodni turnaj - CALLIDITAS OPEN"]
[Site "Plzen"]
[Date "2020.08.25"]
[Round "3"]
[Board "10"]
[White "Švanda, Adam"]
[Black "Pacl, Václav"]
[Result "1-0"]
[WhiteElo "1852"]
[BlackElo "2021"]
[PlyCount "81"]
[EventDate "2020.08.23"]
[EventRounds "9"]
[EventCountry "CZE"]

1. c4 e6 2. g3 f5 3. Bg2 Nf6 4. Nc3 Be7 5. Nf3 O-O 6. O-O d6 7. d3 Qe8 8. b4 e5
9. c5 Nc6 10. Qb3+ Kh8 11. Nb5 Qh5 12. Nxc7 Rb8 13. Ne6 Bxe6 14. Qxe6 Rfe8 15.
cxd6 Bd8 16. Qc4 e4 17. Ng5 Bb6 18. Ne6 Ng4 19. h3 Nxf2 20. Rxf2 Rxe6 21. Qxe6
Qxe2 22. Bf4 Bxf2+ 23. Kh1 exd3 24. Qc4 Bb6 25. a4 Qc2 26. Qxc2 dxc2 27. Bxc6
bxc6 28. Rc1 a5 29. bxa5 Bxa5 30. Rxc2 Rc8 31. Bg5 h6 32. Be7 Kg8 33. d7 Ra8
34. Rxc6 Kf7 35. Bc5 Rd8 36. Ra6 Bc7 37. Ra7 Rxd7 38. Bb6 Rd1+ 39. Kg2 Rd2+ 40.
Kf1 Rd1+ 41. Ke2  1-0

[Event "Mezinarodni turnaj - CALLIDITAS OPEN"]
[Site "Plzen"]
[Date "2020.08.25"]
[Round "3"]
[Board "11"]
[White "Kubát, Miroslav"]
[Black "Navrátil, Ladislav"]
[Result "1-0"]
[WhiteElo "2019"]
[BlackElo "1746"]
[PlyCount "143"]
[EventDate "2020.08.23"]
[EventRounds "9"]
[EventCountry "CZE"]

1. e4 c5 2. Nc3 a6 3. a4 Nc6 4. g3 g6 5. Bg2 Bg7 6. Nge2 d6 7. O-O e5 8. d3
Nge7 9. f4 f6 10. Nd5 Nd4 11. Nec3 Ndc6 12. fxe5 dxe5 13. Nxf6+ Bxf6 14. Rxf6
Rf8 15. Rxf8+ Kxf8 16. Bg5 Qd4+ 17. Kh1 Be6 18. Qf3+ Ke8 19. Be3 Qd6 20. a5 Rd8
21. Na4 Nd4 22. Qf2 c4 23. dxc4 Bxc4 24. Nb6 Be6 25. Rf1 Nc8 26. Bg5 Nxb6 27.
Bxd8 Kxd8 28. axb6 Qe7 29. c3 Nb5 30. Rd1+ Ke8 31. Bf1 Nd6 32. Qe3 Qf7 33. Be2
Qe7 34. Kg2 Bd7 35. Bd3 Bc6 36. c4 Nf5 37. Qd2 Qc5 38. Qf2 Nd4 39. Rf1 Qe7 40.
Qf6 Qxf6 41. Rxf6 Ke7 42. Rf1 Ne6 43. Kf3 Nc5 44. Ke3 Na4 45. b4 Nxb6 46. b5
axb5 47. cxb5 Bd7 48. Kd2 Nc8 49. Kc3 Nd6 50. Kb4 b6 51. Ra1 Bc8 52. Ra7+ Bb7
53. Bc4 Kd7 54. Bd5 Kc7 55. Bxb7 Kb8 56. Ra8+ Kxb7 57. Rh8 Nxe4 58. Rxh7+ Kc8
59. Rg7 g5 60. Kc4 Nd6+ 61. Kd5 Nxb5 62. Kxe5 Kd8 63. Rxg5 Ke8 64. Rg7 Na3 65.
h4 Kf8 66. Ra7 Nc4+ 67. Kf6 Kg8 68. g4 Ne3 69. g5 b5 70. h5 b4 71. Kg6 Kf8 72.
h6  1-0

[Event "Mezinarodni turnaj - CALLIDITAS OPEN"]
[Site "Plzen"]
[Date "2020.08.25"]
[Round "3"]
[Board "12"]
[White "Toman, Jan"]
[Black "Folková, Martina"]
[Result "1-0"]
[WhiteElo "1724"]
[BlackElo "2001"]
[PlyCount "119"]
[EventDate "2020.08.23"]
[EventRounds "9"]
[EventCountry "CZE"]

1. d4 d5 2. c4 e6 3. Nc3 c6 4. e4 Bb4 5. cxd5 exd5 6. exd5 cxd5 7. Bd3 Nc6 8.
Be3 Nge7 9. Qf3 O-O 10. Nge2 Ng6 11. h4 Re8 12. O-O-O Be6 13. g4 Qd7 14. Rdg1
Nge5 15. dxe5 Nxe5 16. Bxh7+ Kxh7 17. Qg2 Rac8 18. Bd4 Nc6 19. Qf3 Nxd4 20.
Nxd4 Rc4 21. Nxe6 Rxe6 22. g5 Kg8 23. Kb1 Bxc3 24. bxc3 d4 25. Rc1 Rb6+ 26. Ka1
dxc3 27. Rhd1 Qc7 28. Rc2 g6 29. h5 gxh5 30. Qxh5 Rg6 31. Rh1 Qe5 32. f4 Qg7
33. Qe2 Rc8 34. Qe4 Rb6 35. f5 Rb2 36. f6 Qg6 37. Rxc3 Rb1+ 38. Qxb1 Qxb1+ 39.
Rxb1 Rxc3 40. Rxb7 Ra3 41. Kb2 Ra5 42. Kb3 Rxg5 43. Rxa7 Rf5 44. Ra6 Kh7 45.
Rc6 Kg6 46. a4 Rf1 47. a5 Ra1 48. a6 Kf5 49. Kc4 Ke5 50. Kc5 Ra2 51. Kb6 Kd5
52. Kc7 Ra1 53. Kd7 Ra2 54. Kc7 Ra1 55. Rb6 Kc5 56. Rc6+ Kb5 57. Kb7 Ra2 58.
Rb6+ Kc5 59. a7 Ra1 60. Ra6  1-0

[Event "Mezinarodni turnaj - CALLIDITAS OPEN"]
[Site "Plzen"]
[Date "2020.08.25"]
[Round "3"]
[Board "13"]
[White "Hoke, Petr"]
[Black "Molnár, Ladislav"]
[Result "1/2-1/2"]
[WhiteElo "1980"]
[BlackElo "1698"]
[PlyCount "64"]
[EventDate "2020.08.23"]
[EventRounds "9"]
[EventCountry "CZE"]

1. g3 g6 2. Bg2 Bg7 3. d4 d5 4. Bf4 c6 5. Nf3 Nf6 6. Nc3 Nh5 7. Bg5 Qc7 8. Qd2
Nd7 9. e4 dxe4 10. Nxe4 Nhf6 11. Nxf6+ Nxf6 12. Bf4 Qb6 13. O-O-O Be6 14. a3
Bd5 15. Rhe1 e6 16. Be5 O-O-O 17. Qd3 Rhg8 18. c4 Bh6+ 19. Kb1 Ng4 20. Qe2 Bxf3
21. Qxf3 Nxe5 22. dxe5 Qc7 23. Rd6 Bg7 24. Rxd8+ Rxd8 25. Qe3 Qa5 26. b4 Qa4
27. f4 a5 28. Qc3 axb4 29. axb4 Bf8 30. c5 Rd1+ 31. Rxd1 Qxd1+ 32. Kb2 Qe2+
 1/2-1/2

[Event "Mezinarodni turnaj - CALLIDITAS OPEN"]
[Site "Plzen"]
[Date "2020.08.25"]
[Round "3"]
[Board "14"]
[White "Berka, Luboš"]
[Black "Schubert, Gerhard"]
[Result "0-1"]
[WhiteElo "1695"]
[BlackElo "1976"]
[PlyCount "126"]
[EventDate "2020.08.23"]
[EventRounds "9"]
[EventCountry "CZE"]

1. e4 d6 2. d4 Nf6 3. Nc3 c6 4. Nf3 Bg4 5. Be2 e6 6. O-O d5 7. exd5 exd5 8. Re1
Be7 9. Ng5 Bf5 10. Bd3 Bxd3 11. Qxd3 O-O 12. Qh3 Bd6 13. Bd2 Qb6 14. Qh4 Qxb2
15. Rac1 Nbd7 16. Na4 Qa3 17. Re3 Qxa4 18. Rh3 Rfe8 19. Nxh7 Nxh7 20. Qxh7+ Kf8
21. Qh8+ Ke7 22. Re1+ Be5 23. Qxg7 Rg8 24. Bg5+ Kd6 25. dxe5+ Kc7 26. Qh6 Rg6
27. Qh4 Qxh4 28. Bxh4 Rh8 29. Ree3 Rg4 30. Be7 Rxh3 31. Bd6+ Kb6 32. Rxh3 c5
33. f4 Kc6 34. g3 f6 35. Rh6 fxe5 36. fxe5 Re4 37. Be7+ Kb5 38. e6 Ne5 39. Bd6
Nf3+ 40. Kf2 Nd4 41. e7 Nf5 42. Rf6 Nxe7 43. Bxe7 Rxe7 44. Rf4 d4 45. Rf3 c4
46. g4 d3 47. cxd3 c3 48. Rf4 Rh7 49. Kg3 Rd7 50. Rf1 Rxd3+ 51. Kf4 Rd2 52. Rc1
c2 53. h4 Kc4 54. h5 Kd3 55. h6 Rh2 56. Kg5 Kd2 57. Rxc2+ Kxc2 58. Kg6 Kd3 59.
g5 Rxa2 60. h7 Rh2 61. Kg7 Ke4 62. g6 Kf5 63. Kf7 Rh6  0-1

[Event "Mezinarodni turnaj - CALLIDITAS OPEN"]
[Site "Plzen"]
[Date "2020.08.25"]
[Round "3"]
[Board "15"]
[White "Bassani, Eduardo"]
[Black "Chval, Zdenek"]
[Result "0-1"]
[WhiteElo "1957"]
[BlackElo "1676"]
[PlyCount "112"]
[EventDate "2020.08.23"]
[EventRounds "9"]
[EventCountry "CZE"]

1. Nf3 Nf6 2. g3 g6 3. Bg2 Bg7 4. d3 d5 5. O-O O-O 6. Na3 Nbd7 7. c4 c6 8. Rb1
e5 9. b4 e4 10. Ne1 Ne5 11. Bf4 Qe7 12. c5 Nh5 13. Bd2 exd3 14. Nxd3 Bf5 15.
Rb3 Rfe8 16. Nf4 Nf6 17. Nc2 Ne4 18. Nd4 Bd7 19. e3 Nc4 20. Bc1 a6 21. Nd3 a5
22. Nb2 Nxb2 23. Bxb2 axb4 24. Rxb4 Nxc5 25. Qb1 Ra7 26. Bc1 Rea8 27. a3 Ra4
28. Rb6 R4a6 29. Qb4 Rxb6 30. Qxb6 Be6 31. Bd2 Na4 32. Qb3 c5 33. Nxe6 fxe6 34.
Rb1 c4 35. Qxb7 Qxb7 36. Rxb7 c3 37. Bc1 c2 38. Rc7 Bc3 39. Kf1 Rb8 40. Rxc3
Nxc3 41. Ke1 Rb1 42. Kd2 Na2 43. Kxc2 Rxc1+ 44. Kb2 Re1 45. Kxa2 Re2+ 46. Kb3
Rxf2 47. Bh3 Kf7 48. a4 Rf3 49. a5 d4 50. a6 dxe3 51. a7 e2+ 52. Ka2 e1=Q 53.
a8=Q Qd2+ 54. Ka1 Qc1+ 55. Ka2 Rf2+ 56. Kb3 Rb2+  0-1

[Event "Mezinarodni turnaj - CALLIDITAS OPEN"]
[Site "Plzen"]
[Date "2020.08.25"]
[Round "3"]
[Board "16"]
[White "Macho, Miloslav"]
[Black "Ondreját, Miroslav"]
[Result "0-1"]
[WhiteElo "1661"]
[BlackElo "1950"]
[PlyCount "44"]
[EventDate "2020.08.23"]
[EventRounds "9"]
[EventCountry "CZE"]

1. g3 e5 2. Bg2 f5 3. d3 d5 4. c4 d4 5. Nf3 Nc6 6. O-O Nf6 7. Nh4 Be7 8. Bxc6+
bxc6 9. Nf3 Qd6 10. Qb3 c5 11. Bg5 O-O 12. Nbd2 Nd7 13. Bxe7 Qxe7 14. Rab1 Rb8
15. Qa3 Rb6 16. Qxa7 Bb7 17. Qa4 e4 18. Ne1 Ne5 19. Qd1 e3 20. fxe3 Ng4 21. Ng2
Bxg2 22. Kxg2 Nxe3+  0-1

[Event "Mezinarodni turnaj - CALLIDITAS OPEN"]
[Site "Plzen"]
[Date "2020.08.25"]
[Round "3"]
[Board "17"]
[White "Janecek, Pavel"]
[Black "Klabeneš, Petr"]
[Result "0-1"]
[WhiteElo "1900"]
[BlackElo "1660"]
[PlyCount "68"]
[EventDate "2020.08.23"]
[EventRounds "9"]
[EventCountry "CZE"]

1. e4 c5 2. d4 cxd4 3. c3 dxc3 4. Nxc3 e6 5. Nf3 Nc6 6. Bc4 a6 7. O-O b5 8. Bb3
Bb7 9. Qe2 Qc7 10. Rd1 Bd6 11. Bg5 Ne5 12. Nd4 Ng6 13. g3 Bc5 14. Rac1 Qb6 15.
Be3 Nf6 16. f3 O-O 17. a3 Rac8 18. Ba2 b4 19. Na4 Qa5 20. Nxc5 Rxc5 21. Rxc5
Qxc5 22. Nxe6 Qh5 23. g4 Qh3 24. Nxf8 Nh4 25. Rf1 Kxf8 26. Bc5+ Kg8 27. Bxb4 a5
28. Bd6 Ba6 29. Qf2 Bxf1 30. Qxf1 Nxf3+ 31. Kf2 Nxg4+ 32. Ke2 Nd4+ 33. Ke1 Qe3+
34. Kd1 Nf2+  0-1

[Event "Mezinarodni turnaj - CALLIDITAS OPEN"]
[Site "Plzen"]
[Date "2020.08.25"]
[Round "3"]
[Board "18"]
[White "Kalista, Karel"]
[Black "Hodan, Jirí"]
[Result "0-1"]
[WhiteElo "1656"]
[BlackElo "1871"]
[PlyCount "116"]
[EventDate "2020.08.23"]
[EventRounds "9"]
[EventCountry "CZE"]

1. d4 Nf6 2. c4 g6 3. Nc3 d6 4. Nf3 Bg7 5. h3 O-O 6. Bg5 Nbd7 7. e3 h6 8. Bh4
e5 9. Be2 c6 10. O-O e4 11. Nxe4 g5 12. Nxf6+ Nxf6 13. Bg3 Ne4 14. Bh2 f5 15.
Nd2 d5 16. cxd5 Nxd2 17. Qxd2 Qxd5 18. Rac1 Be6 19. b3 Rf7 20. Bc4 Qd7 21. Qc2
Bd5 22. Bxd5 Qxd5 23. Qc4 Rd8 24. Qxd5 Rxd5 25. Rc2 f4 26. Rc5 fxe3 27. fxe3
Rxd4 28. Rxf7 Kxf7 29. Rf5+ Ke6 30. Rf2 Rd1+ 31. Rf1 Rd3 32. Rf3 Bf6 33. Bb8
Rd8 34. Bxa7 Ra8 35. Bb6 Rxa2 36. Rf1 Be7 37. Rb1 Bb4 38. Kh2 Rd2 39. Kg3 h5
40. Kf3 Bd6 41. Bd4 c5 42. Rb2 Rd1 43. Bc3 b6 44. Ke4 Rf1 45. Kd3 Be5 46. Bxe5
Kxe5 47. Ke2 Rf6 48. Kd3 Rd6+ 49. Kc4 Ke4 50. Re2 Rd3 51. Re1 Rxe3 52. Rf1 Ke5
53. Rf8 Re4+ 54. Kc3 h4 55. Rf2 b5 56. Rf8 Re3+ 57. Kc2 Re2+ 58. Kc3 Rxg2  0-1

[Event "Mezinarodni turnaj - CALLIDITAS OPEN"]
[Site "Plzen"]
[Date "2020.08.25"]
[Round "3"]
[Board "19"]
[White "Cipl, Jan"]
[Black "Váchal, Josef"]
[Result "1-0"]
[WhiteElo "1634"]
[BlackElo "1808"]
[PlyCount "65"]
[EventDate "2020.08.23"]
[EventRounds "9"]
[EventCountry "CZE"]

1. e4 d5 2. exd5 Nf6 3. Nc3 Nxd5 4. Bc4 e6 5. Qf3 c6 6. Nge2 Be7 7. O-O O-O 8.
d3 Nd7 9. Bb3 Ne5 10. Qg3 Ng6 11. Re1 Bf6 12. Ne4 Bh4 13. Qd6 Be7 14. Qg3 f5
15. N4c3 f4 16. Qf3 Kh8 17. Nxd5 Nh4 18. Qh5 Rf5 19. Qg4 cxd5 20. Nxf4 e5 21.
Nxd5 Rxf2 22. Qe4 Rxg2+ 23. Kh1 Bg4 24. Rf1 h5 25. Ne3 Re2 26. Qd5 Bh3 27. Rg1
Bd6 28. Qf7 Qf6 29. Qxh5+ Qh6 30. Qxe2 Qf6 31. Ng4 Qf5 32. Nf2 Ng6 33. Nxh3  1-0

[Event "Mezinarodni turnaj - CALLIDITAS OPEN"]
[Site "Plzen"]
[Date "2020.08.25"]
[Round "3"]
[Board "20"]
[White "Schoeppe, Christian"]
[Black "Mlcák, Viktor"]
[Result "0-1"]
[WhiteElo "1528"]
[BlackElo "1803"]
[PlyCount "96"]
[EventDate "2020.08.23"]
[EventRounds "9"]
[EventCountry "CZE"]

1. e4 e5 2. c3 d5 3. Nf3 dxe4 4. Nxe5 Qd5 5. Ng4 Bxg4 6. Qxg4 Nc6 7. Na3 Nf6 8.
Qg3 Qe5 9. Nc4 Qxg3 10. hxg3 O-O-O 11. b4 Nd7 12. a4 Nce5 13. Bb2 Nxc4 14. Bxc4
Ne5 15. Be2 f6 16. Rh4 f5 17. O-O-O Be7 18. Rh5 g6 19. Rh3 Bf6 20. Kc2 Nd3 21.
Bxd3 Rxd3 22. f3 h5 23. fxe4 fxe4 24. Re1 Re8 25. Rxe4 Rxd2+ 26. Kxd2 Rxe4 27.
Kd3 Rg4 28. Ke3 Be5 29. Kf3 Kd7 30. a5 a6 31. Rh1 Rxg3+ 32. Kf2 Rd3 33. Ke2 Rd6
34. Rf1 Rf6 35. Rd1+ Ke7 36. Rd3 h4 37. Re3 Re6 38. Kf3 Bg3 39. Rd3 Rf6+ 40.
Kg4 Rf2 41. Bc1 Rxg2 42. Bg5+ Ke6 43. Bxh4 Be5+ 44. Kf3 Rg1 45. Re3 Kf5 46. Ke2
Rg4 47. Bd8 Re4 48. Rxe4 Kxe4  0-1

[Event "Mezinarodni turnaj - CALLIDITAS OPEN"]
[Site "Plzen"]
[Date "2020.08.25"]
[Round "3"]
[Board "21"]
[White "Lorenc, David"]
[Black "Teply Koutsky, David"]
[Result "0-1"]
[WhiteElo "1772"]
[BlackElo "1512"]
[PlyCount "36"]
[EventDate "2020.08.23"]
[EventRounds "9"]
[EventCountry "CZE"]

1. e4 e6 2. Nc3 d5 3. Nf3 Bb4 4. exd5 exd5 5. d4 Nc6 6. Bb5 Nge7 7. O-O Bg4 8.
Bg5 f6 9. Bd2 O-O 10. Bxc6 Nxc6 11. Be3 f5 12. Ne2 Bxf3 13. gxf3 Qh4 14. f4 Rf6
15. f3 Rg6+ 16. Ng3 Re8 17. Qd3 Rxg3+ 18. Kh1 Qh3  0-1

[Event "Mezinarodni turnaj - CALLIDITAS OPEN"]
[Site "Plzen"]
[Date "2020.08.25"]
[Round "3"]
[Board "22"]
[White "Mametev, Artem"]
[Black "Šeterle, Matej"]
[Result "0-1"]
[WhiteElo "1479"]
[BlackElo "1745"]
[PlyCount "80"]
[EventDate "2020.08.23"]
[EventRounds "9"]
[EventCountry "CZE"]

1. e4 d6 2. d4 Nf6 3. Nc3 c6 4. f4 Qa5 5. Bd3 e5 6. Be3 Nbd7 7. Nf3 Be7 8. O-O
O-O 9. h3 exf4 10. Bxf4 Nh5 11. Bh2 g6 12. a3 Qb6 13. Na4 Qd8 14. Nd2 Nb6 15.
c3 Nxa4 16. Qxa4 Bg5 17. Nf3 Bf4 18. Bxf4 Nxf4 19. Qd1 d5 20. Qd2 Nh5 21. Qh6
f6 22. exd5 cxd5 23. Nh4 Rf7 24. Nxg6 Ng3 25. Rf3 Ne4 26. Bxe4 dxe4 27. Rg3 Rg7
28. Rf1 f5 29. Rg5 Qf6 30. g4 Rxg6 31. Rxg6+ Qxg6 32. Qf4 Be6 33. Kh2 fxg4 34.
Rg1 Rf8 35. Qe3 Rf3 36. Qe2 Rxh3+ 37. Kg2 Qf5 38. Rf1 Qf3+ 39. Qxf3 exf3+ 40.
Rxf3 gxf3+  0-1

[Event "Mezinarodni turnaj - CALLIDITAS OPEN"]
[Site "Plzen"]
[Date "2020.08.25"]
[Round "3"]
[Board "23"]
[White "Soutner, Jaroslav"]
[Black "Hodl, Vojtech"]
[Result "0-1"]
[WhiteElo "1726"]
[BlackElo "1079"]
[PlyCount "36"]
[EventDate "2020.08.23"]
[EventRounds "9"]
[EventCountry "CZE"]

1. e4 e6 2. d4 d5 3. Nc3 c5 4. exd5 exd5 5. dxc5 Nf6 6. Nf3 Bxc5 7. Bb5+ Nc6 8.
O-O O-O 9. h3 Bf5 10. Ne2 Re8 11. c3 Re4 12. Bd3 Rxe2 13. Qxe2 Bc8 14. Bg5 Qd6
15. Qc2 g6 16. Rad1 Bxh3 17. gxh3 Qg3+ 18. Kh1 Qxf3+  0-1

[Event "Mezinarodni turnaj - CALLIDITAS OPEN"]
[Site "Plzen"]
[Date "2020.08.25"]
[Round "3"]
[Board "24"]
[White "Mastný, Václav"]
[Black "Nandi, Robin J"]
[Result "1/2-1/2"]
[WhiteElo "1574"]
[BlackElo "1902"]
[PlyCount "62"]
[EventDate "2020.08.23"]
[EventRounds "9"]
[EventCountry "CZE"]

1. d4 Nf6 2. c4 e6 3. Bg5 d5 4. e3 Be7 5. Nc3 O-O 6. Qb3 c6 7. Nf3 Nbd7 8. Bd3
dxc4 9. Bxc4 b5 10. Bd3 Nc5 11. Qc2 Nxd3+ 12. Qxd3 a6 13. O-O-O Bb7 14. Bxf6
gxf6 15. h4 Qa5 16. Kb1 c5 17. dxc5 Bxc5 18. Ne4 Be7 19. Ng3 Rfd8 20. Qe2 Bd5
21. b3 Bxf3 22. gxf3 f5 23. Qb2 Bb4 24. Ne2 Rac8 25. Rhg1+ Kf8 26. Qg7+ Ke7 27.
Qg5+ Ke8 28. Qg8+ Ke7 29. Qg5+ Ke8 30. Qg8+ Ke7 31. Qg5+ Ke8  1/2-1/2